000 00698nam a2200253Ia 4500
003 OSt
005 20220918170125.0
006 a|||||r|||| 00| 0
007 ta
008 220917b |||||||| |||| 00| 0 eng d
020 _a9004100342
024 _a63,202
037 _cTextual
040 _aARTS
_cARTS
_beng
041 _2eng
_aeng
082 _aQ5:2:g, N6
100 _aAdang Camilla
_927192
245 0 _aMuslim writers on Judaism and the Hebrew Bible
_b From ibn Rabban to Ibn Hazm
260 _aLeiden
_bE J Brill
_c1996
300 _a320p.
_ccm.
650 _aRELIGION; JUDAISM
_925127
942 _hQ5:2:g, N6
_cTEXL
_2CC
999 _c132713
_d132713